[Event "TeamRussiawomen"]
[Site "?"]
[Date "2016.10.05"]
[Round "4.3"]
[White "Vyrtosu, Natalia"]
[Black "Nebolsina, Vera"]
[Result "0-1"]
[LiveChessVersion "1.4.4"]
[BlackElo "2234"]
[WhiteElo "1640"]

1. f4 {[%clk 0:15:18]} e5 {[%clk 0:15:09]} 2. Nf3 {[%clk 0:15:25]} e4
{[%clk 0:14:44]} 3. Ne5 {[%clk 0:14:18]} d6 {[%clk 0:13:23]} 4. Nc4
{[%clk 0:14:25]} d5 {[%clk 0:13:28]} 5. Nca3 {[%clk 0:14:21]} Nf6
{[%clk 0:13:14]} 6. d4 {[%clk 0:14:06]} Nc6 {[%clk 0:12:22]} 7. e3
{[%clk 0:14:10]} h5 {[%clk 0:11:59]} 8. h4 {[%clk 0:13:58]} Bg4 {[%clk 0:11:18]}
9. Be2 {[%clk 0:14:05]} Ne7 {[%clk 0:11:26]} 10. c3 {[%clk 0:13:59]} Nf5
{[%clk 0:11:09]} 11. Bxg4 {[%clk 0:13:33]} Nxg4 {[%clk 0:10:54]} 12. Qa4+
{[%clk 0:12:59]} c6 {[%clk 0:10:55]} 13. Nc2 {[%clk 0:12:58]} Be7
{[%clk 0:10:41]} 14. Qb3 {[%clk 0:13:02]} Bxh4+ {[%clk 0:10:12]} 15. Kd1
{[%clk 0:13:05]} Nf2+ {[%clk 0:10:14]} 16. Kd2 {[%clk 0:13:07]} Nxh1
{[%clk 0:10:09]} 17. Qxb7 {[%clk 0:13:12]} Qc8 {[%clk 0:09:30]} 18. Qb4
{[%clk 0:13:12]} Be7 {[%clk 0:09:32]} 19. Qa4 {[%clk 0:13:19]} Rh6
{[%clk 0:09:26]} 20. Ne1 {[%clk 0:13:20]} Rg6 {[%clk 0:08:52]} 21. Kc2
{[%clk 0:13:21]} Bh4 {[%clk 0:08:56]} 22. Bd2 {[%clk 0:13:12]} Bxe1
{[%clk 0:09:03]} 23. Bxe1 {[%clk 0:13:20]} Nxe3+ {[%clk 0:08:57]} 24. Kb3
{[%clk 0:13:25]} Rb8+ {[%clk 0:09:01]} 25. Ka3 {[%clk 0:13:32]} Nc4+
{[%clk 0:09:09]} 26. Qxc4 {[%clk 0:13:40]} dxc4 {[%clk 0:09:17]} 27. b4
{[%clk 0:13:36]} Rxg2 {[%clk 0:09:23]} 28. Nd2 {[%clk 0:13:43]} a5
{[%clk 0:09:07]} 29. Nxe4 {[%clk 0:13:39]} axb4+ {[%clk 0:09:13]} 30. cxb4
{[%clk 0:13:46]} Qa6# {[%clk 0:09:21]} 0-1

[Event "TeamRussiawomen"]
[Site "?"]
[Date "2016.10.05"]
[Round "4.4"]
[White "Belova, Olga"]
[Black "Bondareva, Daria"]
[Result "1-0"]
[LiveChessVersion "1.4.4"]
[BlackElo "1734"]
[WhiteElo "2214"]

1. e4 {[%clk 0:15:18]} e5 {[%clk 0:15:20]} 2. Nf3 {[%clk 0:15:25]} Nc6
{[%clk 0:15:29]} 3. Bb5 {[%clk 0:15:32]} a6 {[%clk 0:15:39]} 4. Ba4
{[%clk 0:15:36]} Nge7 {[%clk 0:15:47]} 5. O-O {[%clk 0:14:59]} g6
{[%clk 0:15:56]} 6. c3 {[%clk 0:15:07]} Bg7 {[%clk 0:16:03]} 7. d4
{[%clk 0:15:13]} exd4 {[%clk 0:16:11]} 8. cxd4 {[%clk 0:15:19]} b5
{[%clk 0:16:19]} 9. Bb3 {[%clk 0:15:02]} d6 {[%clk 0:16:28]} 10. Nc3
{[%clk 0:14:36]} O-O {[%clk 0:16:27]} 11. h3 {[%clk 0:14:38]} Na5
{[%clk 0:16:28]} 12. Bc2 {[%clk 0:14:08]} c5 {[%clk 0:16:36]} 13. Bf4
{[%clk 0:13:18]} Bb7 {[%clk 0:16:12]} 14. dxc5 {[%clk 0:12:58]} dxc5
{[%clk 0:14:42]} 15. Qxd8 {[%clk 0:12:58]} Rfxd8 {[%clk 0:14:52]} 16. Bc7
{[%clk 0:13:06]} Rdc8 17. Bxa5 {[%clk 0:13:08]} Kf8 {[%clk 0:13:37]} 18. Rac1
{[%clk 0:07:52]} Rab8 {[%clk 0:12:45]} 19. Nd1 {[%clk 0:06:10]} b4
{[%clk 0:12:31]} 20. a3 {[%clk 0:05:38]} Ba8 21. Ba4 {[%clk 0:04:36]} Bxe4
{[%clk 0:11:13]} 22. Bd7 {[%clk 0:03:54]} 1-0

[Event "TeamRussiawomen"]
[Site "?"]
[Date "2016.10.05"]
[Round "4.5"]
[White "Vasilevich, Tatjana"]
[Black "Sukhareva, Evgeniya"]
[Result "0-1"]
[LiveChessVersion "1.4.4"]
[BlackElo "2307"]
[WhiteElo "2400"]

1. d4 {[%clk 0:15:19]} d5 {[%clk 0:15:19]} 2. c4 {[%clk 0:15:25]} e6
{[%clk 0:15:27]} 3. cxd5 {[%clk 0:15:30]} exd5 {[%clk 0:15:29]} 4. Nc3
{[%clk 0:15:39]} c6 {[%clk 0:15:26]} 5. Nf3 {[%clk 0:15:41]} Nf6 {[%clk 0:15:28]}
6. Bg5 {[%clk 0:15:48]} Be7 {[%clk 0:15:36]} 7. Qc2 {[%clk 0:15:53]} Nbd7
{[%clk 0:14:51]} 8. e3 {[%clk 0:16:01]} Nb6 {[%clk 0:14:35]} 9. Bd3
{[%clk 0:16:03]} Nh5 {[%clk 0:14:34]} 10. Bxe7 {[%clk 0:15:44]} Qxe7
{[%clk 0:14:43]} 11. O-O {[%clk 0:15:40]} g6 {[%clk 0:14:44]} 12. a3
{[%clk 0:15:16]} O-O {[%clk 0:14:18]} 13. b4 {[%clk 0:15:24]} Ng7
{[%clk 0:11:27]} 14. b5 {[%clk 0:15:16]} Bf5 {[%clk 0:11:33]} 15. bxc6
{[%clk 0:15:13]} bxc6 {[%clk 0:11:42]} 16. Ne5 {[%clk 0:15:21]} Rfc8
{[%clk 0:09:50]} 17. a4 {[%clk 0:14:39]} Bxd3 {[%clk 0:07:53]} 18. Qxd3
{[%clk 0:14:48]} Nd7 {[%clk 0:07:59]} 19. Nxd7 {[%clk 0:13:19]} Qxd7
{[%clk 0:08:07]} 20. a5 {[%clk 0:13:04]} Nf5 {[%clk 0:07:52]} 21. Na4
{[%clk 0:12:47]} Nh4 {[%clk 0:07:32]} 22. h3 {[%clk 0:10:25]} Qe7
{[%clk 0:07:21]} 23. Qe2 {[%clk 0:09:23]} h5 {[%clk 0:07:20]} 24. Nc5
{[%clk 0:06:56]} Qg5 {[%clk 0:07:15]} 25. g3 {[%clk 0:05:40]} Nf5
{[%clk 0:07:10]} 26. Qf3 {[%clk 0:05:18]} h4 {[%clk 0:05:10]} 27. Qf4
{[%clk 0:05:24]} Qe7 {[%clk 0:05:13]} 28. g4 {[%clk 0:13:40]} Nd6
{[%clk 0:04:37]} 29. Rab1 {[%clk 0:04:47]} g5 {[%clk 0:03:42]} 30. Qh2
{[%clk 0:03:12]} Rab8 {[%clk 0:03:46]} 31. a6 {[%clk 0:03:06]} Rb5
{[%clk 0:03:27]} 32. Rfc1 {[%clk 0:02:54]} Nc4 {[%clk 0:03:21]} 33. Rxb5
{[%clk 0:02:06]} cxb5 {[%clk 0:03:28]} 34. Qg2 {[%clk 0:02:16]} Rd8
{[%clk 0:01:29]} 35. Qf3 {[%clk 0:02:20]} Kg7 {[%clk 0:00:58]} 36. Qe2
{[%clk 0:01:43]} Rd6 {[%clk 0:00:58]} 37. Rb1 {[%clk 0:01:38]} Rb6
{[%clk 0:00:59]} 38. Qd3 {[%clk 0:01:36]} Nd6 {[%clk 0:00:43]} 39. Qb3
{[%clk 0:01:13]} Nc4 {[%clk 0:00:45]} 40. Qd3 {[%clk 0:01:22]} Nd6
{[%clk 0:00:43]} 41. Rb4 {[%clk 0:01:29]} Qe8 {[%clk 0:00:16]} 42. Kg2
{[%clk 0:01:27]} Qc6 {[%clk 0:00:22]} 43. Qb3 {[%clk 0:01:05]} Nc4
{[%clk 0:00:26]} 44. Qb1 {[%clk 0:01:10]} Nd6 {[%clk 0:00:34]} 45. Qd3
{[%clk 0:00:18]} Qe8 {[%clk 0:00:41]} 46. Kh2 {[%clk 0:00:18]} Qc6
{[%clk 0:00:46]} 47. Kg2 {[%clk 0:00:24]} Qe8 {[%clk 0:00:55]} 48. Qb1
{[%clk 0:00:27]} Qc6 {[%clk 0:01:01]} 49. Qd1 {[%clk 0:00:28]} Qe8
{[%clk 0:00:58]} 50. Qb3 {[%clk 0:00:27]} Qc6 {[%clk 0:01:06]} 51. Qb1
{[%clk 0:00:26]} Qe8 {[%clk 0:01:13]} 52. Kg1 {[%clk 0:00:34]} Qc6
{[%clk 0:01:19]} 53. Kg2 {[%clk 0:00:43]} Qe8 {[%clk 0:01:28]} 54. Qd3
{[%clk 0:00:41]} Qc6 {[%clk 0:01:31]} 55. f3 {[%clk 0:00:50]} Nc4
{[%clk 0:00:39]} 56. e4 {[%clk 0:00:51]} Qd6 {[%clk 0:00:38]} 57. e5
{[%clk 0:00:42]} Nxe5 {[%clk 0:00:42]} 58. Qf5 {[%clk 0:00:46]} Ng6
{[%clk 0:00:46]} 59. Rb3 {[%clk 0:00:26]} Qg3+ {[%clk 0:00:52]} 60. Kf1
{[%clk 0:00:35]} Qxh3+ {[%clk 0:00:58]} 61. Ke1 {[%clk 0:00:43]} Qg3+
{[%clk 0:00:59]} 62. Kd1 {[%clk 0:00:34]} Qg1+ {[%clk 0:01:06]} 63. Kc2
{[%clk 0:00:44]} Qxd4 {[%clk 0:01:11]} 64. Qc8 {[%clk 0:00:39]} h3
{[%clk 0:00:55]} 65. f4 {[%clk 0:00:39]} h2 {[%clk 0:00:54]} 66. Rh3
{[%clk 0:00:45]} Qf2+ {[%clk 0:00:57]} 67. Kb3 {[%clk 0:00:47]} Qxf4
{[%clk 0:00:52]} 68. Nd7 {[%clk 0:00:11]} Qc4+ {[%clk 0:00:56]} 69. Qxc4
{[%clk 0:00:20]} bxc4+ {[%clk 0:01:02]} 70. Kc3 {[%clk 0:00:26]} Rb3+
{[%clk 0:01:11]} 0-1

[Event "TeamRussiawomen"]
[Site "?"]
[Date "2016.10.05"]
[Round "4.6"]
[White "Tomilova, Elena"]
[Black "Gritsayeva, Oksana"]
[Result "0-1"]
[LiveChessVersion "1.4.4"]
[BlackElo "2330"]
[WhiteElo "2241"]

1. d4 {[%clk 0:15:19]} d5 {[%clk 0:15:15]} 2. Bf4 {[%clk 0:15:27]} Nf6
{[%clk 0:15:19]} 3. e3 {[%clk 0:15:33]} c5 {[%clk 0:15:09]} 4. dxc5
{[%clk 0:15:19]} Nc6 {[%clk 0:14:39]} 5. Bb5 {[%clk 0:15:00]} Qa5+
{[%clk 0:13:56]} 6. Nc3 {[%clk 0:15:08]} a6 {[%clk 0:14:01]} 7. Bxc6+
{[%clk 0:15:00]} bxc6 {[%clk 0:14:10]} 8. Qd4 {[%clk 0:15:02]} Bf5
{[%clk 0:12:40]} 9. b4 {[%clk 0:13:49]} Qd8 {[%clk 0:12:48]} 10. Nf3
{[%clk 0:13:22]} e6 {[%clk 0:12:12]} 11. Ne5 {[%clk 0:11:09]} Rc8
{[%clk 0:12:14]} 12. Qd2 {[%clk 0:09:52]} Nd7 {[%clk 0:11:23]} 13. Nxd7
{[%clk 0:09:32]} Qxd7 {[%clk 0:11:31]} 14. O-O {[%clk 0:08:58]} Be7
{[%clk 0:11:40]} 15. Qe2 {[%clk 0:08:15]} Bf6 {[%clk 0:11:01]} 16. Na4
{[%clk 0:06:44]} Qb7 {[%clk 0:11:06]} 17. Nb6 {[%clk 0:06:34]} Rd8 18. Rab1 O-O
{[%clk 0:11:13]} 19. Rfd1 {[%clk 0:05:52]} e5 {[%clk 0:10:18]} 20. Bg3
{[%clk 0:05:59]} h5 {[%clk 0:10:16]} 21. f3 {[%clk 0:05:59]} e4 {[%clk 0:09:56]}
22. a3 {[%clk 0:05:02]} h4 {[%clk 0:09:48]} 23. Bf2 {[%clk 0:04:55]} h3
{[%clk 0:09:55]} 24. f4 {[%clk 0:04:40]} hxg2 {[%clk 0:09:55]} 25. Kxg2
{[%clk 0:04:41]} g6 {[%clk 0:09:29]} 26. c4 {[%clk 0:03:56]} Kg7 {[%clk 0:08:27]}
27. Rbc1 {[%clk 0:03:55]} d4 {[%clk 0:06:40]} 28. exd4 {[%clk 0:03:53]} e3
{[%clk 0:06:38]} 29. Bxe3 {[%clk 0:03:37]} Rde8 {[%clk 0:06:37]} 30. Qf2
{[%clk 0:03:32]} Rh8 {[%clk 0:06:34]} 31. d5 {[%clk 0:03:22]} Bh4
{[%clk 0:05:51]} 32. Bd4+ {[%clk 0:03:22]} f6 {[%clk 0:06:00]} 33. Qd2
{[%clk 0:03:13]} Bg4 {[%clk 0:05:33]} 34. Re1 {[%clk 0:03:06]} Bxe1
{[%clk 0:04:50]} 35. Rxe1 {[%clk 0:03:15]} Qf7 {[%clk 0:04:31]} 36. d6
{[%clk 0:02:22]} Rxe1 {[%clk 0:04:24]} 37. Qxe1 {[%clk 0:02:31]} Re8
{[%clk 0:04:27]} 38. Qc3 {[%clk 0:02:30]} Re2+ {[%clk 0:04:09]} 39. Kg3
{[%clk 0:02:33]} Bf5 {[%clk 0:04:10]} 40. Kf3 {[%clk 0:01:56]} Rxh2
{[%clk 0:04:11]} 41. Qe1 {[%clk 0:01:50]} g5 {[%clk 0:04:14]} 42. fxg5
{[%clk 0:01:49]} Qh5+ {[%clk 0:04:18]} 43. Ke3 {[%clk 0:01:50]} Qxg5+
{[%clk 0:04:23]} 44. Kf3 {[%clk 0:01:57]} Qg4+ {[%clk 0:04:24]} 45. Ke3
{[%clk 0:02:05]} Qe4# {[%clk 0:04:33]} 0-1

[Event "TeamRussiawomen"]
[Site "?"]
[Date "2016.10.05"]
[Round "4.7"]
[White "Ruchieva, Natalia"]
[Black "Drozdova, Dina"]
[Result "0-1"]
[LiveChessVersion "1.4.4"]
[BlackElo "2244"]
[WhiteElo "2247"]

1. e4 {[%clk 0:15:18]} d6 {[%clk 0:15:19]} 2. d4 {[%clk 0:15:22]} Nf6
{[%clk 0:15:27]} 3. Nc3 {[%clk 0:15:30]} e5 {[%clk 0:15:35]} 4. Nf3
{[%clk 0:14:55]} Nbd7 {[%clk 0:15:44]} 5. h3 {[%clk 0:14:34]} c6 {[%clk 0:15:41]}
6. a4 {[%clk 0:14:35]} a5 {[%clk 0:15:34]} 7. Be3 {[%clk 0:13:47]} Be7
{[%clk 0:15:33]} 8. Bc4 {[%clk 0:12:03]} O-O {[%clk 0:15:28]} 9. O-O
{[%clk 0:11:41]} Qc7 {[%clk 0:14:19]} 10. Qe2 {[%clk 0:10:50]} exd4
{[%clk 0:12:34]} 11. Nxd4 {[%clk 0:09:42]} Nc5 {[%clk 0:12:37]} 12. Bf4
{[%clk 0:08:23]} Re8 {[%clk 0:10:43]} 13. Nb3 {[%clk 0:06:48]} Nxb3
{[%clk 0:09:40]} 14. Bxb3 {[%clk 0:06:55]} Be6 {[%clk 0:09:32]} 15. Bxe6
{[%clk 0:06:00]} fxe6 {[%clk 0:09:41]} 16. Qc4 {[%clk 0:04:58]} Qd7
{[%clk 0:08:16]} 17. e5 {[%clk 0:03:00]} Nd5 {[%clk 0:08:21]} 18. exd6
{[%clk 0:02:31]} Bxd6 {[%clk 0:08:09]} 19. Bxd6 {[%clk 0:02:31]} Qxd6
{[%clk 0:08:19]} 20. Ne4 {[%clk 0:01:53]} Qb4 {[%clk 0:08:24]} 21. Qxb4
{[%clk 0:01:54]} Nxb4 {[%clk 0:07:50]} 22. c3 {[%clk 0:02:03]} Nd3
{[%clk 0:07:54]} 23. Rab1 {[%clk 0:02:02]} Rad8 {[%clk 0:07:56]} 24. Rfd1
{[%clk 0:02:01]} Rd5 {[%clk 0:07:34]} 25. Rd2 {[%clk 0:02:09]} Red8
{[%clk 0:07:35]} 26. f3 {[%clk 0:01:59]} b6 {[%clk 0:06:25]} 27. b3
{[%clk 0:02:03]} Nf4 {[%clk 0:06:30]} 28. Rxd5 {[%clk 0:01:31]} cxd5
{[%clk 0:06:39]} 29. Nd2 {[%clk 0:01:01]} Ne2+ {[%clk 0:05:28]} 30. Kf2
{[%clk 0:01:08]} Nxc3 {[%clk 0:05:37]} 31. Rc1 {[%clk 0:01:12]} d4
{[%clk 0:05:46]} 32. Nc4 {[%clk 0:01:15]} Kf7 {[%clk 0:05:18]} 33. Ne5+
{[%clk 0:01:07]} Kf6 {[%clk 0:05:18]} 34. Nc6 {[%clk 0:01:15]} Rc8
{[%clk 0:04:39]} 35. Nxd4 {[%clk 0:01:13]} Ne4+ {[%clk 0:04:48]} 36. fxe4
{[%clk 0:01:21]} Rxc1 {[%clk 0:04:57]} 37. Ke3 {[%clk 0:01:12]} e5
{[%clk 0:04:43]} 38. Ne2 {[%clk 0:01:17]} Rb1 {[%clk 0:04:51]} 39. Ng1 0-1

[Event "TeamRussiawomen"]
[Site "?"]
[Date "2016.10.05"]
[Round "4.8"]
[White "Baraeva, Marina"]
[Black "Potapova, Margarita"]
[Result "1-0"]
[LiveChessVersion "1.4.4"]
[BlackElo "2002"]
[WhiteElo "2240"]

1. d4 {[%clk 0:15:17]} d6 {[%clk 0:15:17]} 2. Nf3 {[%clk 0:15:25]} Nd7
{[%clk 0:15:23]} 3. c4 {[%clk 0:15:34]} e5 {[%clk 0:15:31]} 4. Nc3
{[%clk 0:15:35]} g6 {[%clk 0:15:36]} 5. g3 {[%clk 0:15:31]} Bg7 {[%clk 0:15:39]}
6. Bg2 {[%clk 0:15:38]} Ngf6 {[%clk 0:14:44]} 7. O-O {[%clk 0:15:33]} O-O
{[%clk 0:14:48]} 8. Bg5 {[%clk 0:14:54]} h6 {[%clk 0:13:56]} 9. dxe5
{[%clk 0:13:10]} Nxe5 {[%clk 0:12:36]} 10. Bxf6 {[%clk 0:13:06]} Nxf3+
{[%clk 0:12:24]} 11. Bxf3 {[%clk 0:13:11]} Bxf6 {[%clk 0:12:14]} 12. Qd2
{[%clk 0:13:15]} Bg7 {[%clk 0:11:17]} 13. Rad1 {[%clk 0:12:58]} Rb8
{[%clk 0:07:19]} 14. c5 {[%clk 0:09:57]} Bh3 {[%clk 0:07:02]} 15. Rfe1
{[%clk 0:10:05]} dxc5 {[%clk 0:06:45]} 16. Qf4 {[%clk 0:09:26]} Qg5
{[%clk 0:06:04]} 17. Qxc7 {[%clk 0:09:19]} Rfc8 {[%clk 0:05:15]} 18. Qa5
{[%clk 0:09:11]} c4 {[%clk 0:04:01]} 19. Qxa7 {[%clk 0:08:18]} Ra8
{[%clk 0:03:12]} 20. Qxb7 {[%clk 0:07:13]} Rab8 {[%clk 0:03:12]} 21. Qa7
{[%clk 0:06:36]} Rxb2 {[%clk 0:02:44]} 22. Ne4 {[%clk 0:06:34]} Qe5
{[%clk 0:02:19]} 23. Nd6 {[%clk 0:06:31]} Rf8 {[%clk 0:01:29]} 24. Nxc4
{[%clk 0:06:25]} Qg5 {[%clk 0:01:34]} 25. Nxb2 {[%clk 0:06:23]} Bxb2
{[%clk 0:01:41]} 26. Rd5 {[%clk 0:06:09]} Qf6 {[%clk 0:01:33]} 27. a4
{[%clk 0:06:06]} Re8 {[%clk 0:01:32]} 28. Red1 {[%clk 0:05:55]} Be6
{[%clk 0:01:23]} 29. Rd6 {[%clk 0:05:03]} Be5 {[%clk 0:01:28]} 30. Rc6
{[%clk 0:04:35]} Qg5 {[%clk 0:01:07]} 31. Qe3 {[%clk 0:04:29]} Qf5
{[%clk 0:00:38]} 32. Qd3 {[%clk 0:03:33]} Qg5 {[%clk 0:00:24]} 33. a5
{[%clk 0:03:32]} Bf5 {[%clk 0:00:19]} 34. Qd2 {[%clk 0:03:34]} Qe7
{[%clk 0:00:15]} 35. a6 {[%clk 0:03:33]} h5 {[%clk 0:00:24]} 36. Rb6
{[%clk 0:03:28]} Bc8 {[%clk 0:00:16]} 37. Bb7 {[%clk 0:03:12]} Bc7
{[%clk 0:00:18]} 38. Rb2 {[%clk 0:03:04]} Be5 {[%clk 0:00:21]} 39. Rb5
{[%clk 0:03:00]} h4 {[%clk 0:00:15]} 40. Bxc8 {[%clk 0:02:47]} Rxc8
{[%clk 0:00:19]} 41. Qd7 {[%clk 0:02:36]} Qxd7 {[%clk 0:00:17]} 42. Rxd7
{[%clk 0:02:43]} h3 {[%clk 0:00:25]} 43. f4 {[%clk 0:02:28]} Rc1+
{[%clk 0:00:19]} 44. Kf2 {[%clk 0:02:38]} Rh1 {[%clk 0:00:26]} 45. fxe5
{[%clk 0:02:29]} Rxh2+ {[%clk 0:00:34]} 46. Ke3 {[%clk 0:02:38]} Rg2
{[%clk 0:00:35]} 47. a7 {[%clk 0:02:39]} Rxg3+ {[%clk 0:00:36]} 48. Kf2
{[%clk 0:02:36]} Rg2+ {[%clk 0:00:43]} 49. Kf3 {[%clk 0:02:42]} Kg7
{[%clk 0:00:50]} 50. a8=Q {[%clk 0:02:41]} 1-0

[Event "TeamRussiawomen"]
[Site "?"]
[Date "2016.10.05"]
[Round "4.9"]
[White "Bodnaruk, Anastasia"]
[Black "Kovalevskaya, Ekaterina"]
[Result "0-1"]
[LiveChessVersion "1.4.4"]
[BlackElo "2359"]
[WhiteElo "2487"]

1. e4 {[%clk 0:15:19]} c5 {[%clk 0:15:18]} 2. b3 {[%clk 0:15:28]} e6
{[%clk 0:15:07]} 3. Bb2 {[%clk 0:15:34]} d5 {[%clk 0:15:16]} 4. exd5
{[%clk 0:15:35]} exd5 {[%clk 0:15:24]} 5. d4 {[%clk 0:15:18]} Nf6
{[%clk 0:15:00]} 6. Nf3 {[%clk 0:14:52]} Nc6 {[%clk 0:14:57]} 7. Bb5
{[%clk 0:13:59]} Be7 {[%clk 0:12:59]} 8. O-O {[%clk 0:12:53]} O-O
{[%clk 0:13:03]} 9. dxc5 {[%clk 0:12:06]} Bxc5 {[%clk 0:12:55]} 10. Nd4
{[%clk 0:10:24]} Nxd4 {[%clk 0:08:58]} 11. Bxd4 {[%clk 0:10:33]} Qb6
{[%clk 0:09:06]} 12. Bxc5 {[%clk 0:09:56]} Qxc5 {[%clk 0:09:14]} 13. Bd3
{[%clk 0:10:05]} Bg4 {[%clk 0:09:21]} 14. Qd2 {[%clk 0:10:01]} Rac8
{[%clk 0:09:27]} 15. Re1 {[%clk 0:07:43]} Bh5 {[%clk 0:08:11]} 16. c4
{[%clk 0:03:07]} dxc4 {[%clk 0:04:15]} 17. Bxc4 {[%clk 0:03:17]} Rfd8
{[%clk 0:04:18]} 18. Qf4 {[%clk 0:02:42]} b5 {[%clk 0:02:44]} 19. Bf1
{[%clk 0:02:36]} Rd4 {[%clk 0:01:36]} 20. Qe3 {[%clk 0:02:45]} h6
{[%clk 0:01:35]} 21. h3 {[%clk 0:01:48]} Nd5 {[%clk 0:01:25]} 22. Qe5
{[%clk 0:01:13]} Bg6 {[%clk 0:01:24]} 23. Kh1 {[%clk 0:00:50]} a6
{[%clk 0:01:07]} 24. Na3 {[%clk 0:00:42]} Nb6 {[%clk 0:00:41]} 25. Qe3
{[%clk 0:00:27]} Rcd8 {[%clk 0:00:41]} 26. b4 {[%clk 0:00:28]} Qxb4
{[%clk 0:00:44]} 27. Rac1 {[%clk 0:00:24]} Nd5 {[%clk 0:00:33]} 28. Qg3
{[%clk 0:00:29]} Nf4 {[%clk 0:00:38]} 29. Re3 {[%clk 0:00:28]} Rd1
{[%clk 0:00:28]} 30. Rec3 {[%clk 0:00:16]} Rxc1 {[%clk 0:00:27]} 31. Rxc1
{[%clk 0:00:25]} Ne6 {[%clk 0:00:34]} 32. Qe3 {[%clk 0:00:29]} Qf4
{[%clk 0:00:39]} 33. Qe1 {[%clk 0:00:30]} Rd2 {[%clk 0:00:41]} 34. Kg1
{[%clk 0:00:24]} Rxa2 {[%clk 0:00:46]} 35. Rc3 {[%clk 0:00:28]} Qd2
{[%clk 0:00:48]} 36. Qxd2 {[%clk 0:00:27]} Rxd2 {[%clk 0:00:57]} 37. Rc6
{[%clk 0:00:36]} Rd1 {[%clk 0:00:59]} 38. Nc2 {[%clk 0:00:44]} Bxc2
{[%clk 0:01:01]} 39. Rxc2 {[%clk 0:00:53]} a5 {[%clk 0:01:08]} 40. f3
{[%clk 0:01:01]} b4 {[%clk 0:01:14]} 41. Kf2 {[%clk 0:01:10]} b3 {[%clk 0:01:20]}
42. Rc8+ {[%clk 0:01:19]} Kh7 {[%clk 0:01:29]} 43. Rb8 {[%clk 0:01:28]} a4
{[%clk 0:01:37]} 44. Be2 {[%clk 0:01:36]} Rc1 {[%clk 0:01:41]} 45. Bb5
{[%clk 0:01:42]} Nc5 {[%clk 0:01:42]} 46. Bxa4 {[%clk 0:01:26]} Nxa4
{[%clk 0:01:50]} 47. Rxb3 {[%clk 0:01:35]} Nc5 {[%clk 0:01:57]} 48. Rb5
{[%clk 0:01:38]} g6 {[%clk 0:02:04]} 49. g4 {[%clk 0:01:41]} Ne6 {[%clk 0:02:08]}
50. Rb7 {[%clk 0:01:46]} Kg7 {[%clk 0:02:17]} 51. h4 {[%clk 0:01:53]} Rc2+
{[%clk 0:02:23]} 52. Kg3 {[%clk 0:02:02]} Rc3 {[%clk 0:02:22]} 53. Rd7
{[%clk 0:02:07]} Nc5 {[%clk 0:01:52]} 54. Re7 {[%clk 0:02:15]} Rd3
{[%clk 0:02:00]} 55. Kf2 {[%clk 0:02:20]} Ne6 {[%clk 0:02:07]} 56. Ke2
{[%clk 0:02:10]} Ra3 {[%clk 0:02:11]} 57. Rd7 {[%clk 0:02:19]} Ra2+
{[%clk 0:02:15]} 58. Ke3 {[%clk 0:02:28]} Rh2 {[%clk 0:02:22]} 59. Kd4 0-1

[Event "TeamRussiawomen"]
[Site "?"]
[Date "2016.10.05"]
[Round "4.10"]
[White "Pustovoitova, Daria"]
[Black "Ovod, Evgenija"]
[Result "1-0"]
[LiveChessVersion "1.4.4"]
[BlackElo "2243"]
[WhiteElo "2434"]

1. c4 {[%clk 0:15:18]} f5 {[%clk 0:15:18]} 2. g3 {[%clk 0:15:15]} Nf6
{[%clk 0:15:25]} 3. Bg2 {[%clk 0:15:24]} d6 {[%clk 0:15:32]} 4. Nc3
{[%clk 0:15:33]} g6 {[%clk 0:15:40]} 5. d4 {[%clk 0:14:48]} Bg7 {[%clk 0:15:49]}
6. Nh3 {[%clk 0:14:56]} O-O {[%clk 0:15:41]} 7. O-O {[%clk 0:15:04]} e5
{[%clk 0:15:01]} 8. dxe5 {[%clk 0:14:59]} dxe5 {[%clk 0:15:10]} 9. b3
{[%clk 0:15:08]} c6 {[%clk 0:13:48]} 10. Ba3 {[%clk 0:15:12]} Qxd1
{[%clk 0:13:39]} 11. Raxd1 {[%clk 0:15:18]} Re8 {[%clk 0:13:48]} 12. Na4
{[%clk 0:14:08]} Nbd7 {[%clk 0:10:01]} 13. Rd2 {[%clk 0:12:41]} e4
{[%clk 0:10:01]} 14. Rfd1 {[%clk 0:12:46]} Ne5 {[%clk 0:09:17]} 15. Bb2
{[%clk 0:11:20]} e3 {[%clk 0:07:37]} 16. fxe3 {[%clk 0:11:22]} Neg4
{[%clk 0:07:45]} 17. Rd8 {[%clk 0:11:21]} Be6 {[%clk 0:04:38]} 18. Rxa8
{[%clk 0:11:26]} Rxa8 {[%clk 0:04:45]} 19. Nc5 {[%clk 0:10:46]} Ne4
{[%clk 0:02:32]} 20. Bxe4 {[%clk 0:10:07]} Bxb2 {[%clk 0:02:37]} 21. Bxc6
{[%clk 0:05:20]} bxc6 {[%clk 0:02:08]} 22. Nxe6 {[%clk 0:05:28]} Re8
{[%clk 0:02:15]} 23. Rd8 {[%clk 0:05:34]} Rxd8 {[%clk 0:02:10]} 24. Nxd8
{[%clk 0:05:43]} c5 {[%clk 0:02:11]} 25. Nb7 {[%clk 0:05:10]} Ba3
{[%clk 0:02:00]} 26. e4 {[%clk 0:04:57]} fxe4 {[%clk 0:02:08]} 27. Nf2
{[%clk 0:05:05]} Nf6 {[%clk 0:02:04]} 28. Nd6 {[%clk 0:05:14]} e3
{[%clk 0:02:02]} 29. Nd1 {[%clk 0:05:17]} Bc1 {[%clk 0:02:04]} 30. Kg2
{[%clk 0:05:19]} Kf8 {[%clk 0:00:29]} 31. Kf3 {[%clk 0:05:27]} Ke7
{[%clk 0:00:38]} 32. Ne4 {[%clk 0:05:35]} Nd7 {[%clk 0:00:43]} 33. Nxe3
{[%clk 0:05:37]} Ke6 {[%clk 0:00:21]} 34. Ng5+ {[%clk 0:04:49]} Ke5
{[%clk 0:00:17]} 35. Nxh7 {[%clk 0:04:40]} Kd4 {[%clk 0:00:26]} 36. Nd5
{[%clk 0:04:47]} Ne5+ {[%clk 0:00:32]} 37. Kg2 {[%clk 0:04:54]} a5
{[%clk 0:00:23]} 38. Nf8 {[%clk 0:04:55]} a4 {[%clk 0:00:26]} 39. Ne6+
{[%clk 0:05:03]} Ke4 {[%clk 0:00:34]} 40. Nxc5+ {[%clk 0:05:11]} Kxd5 1-0